| 000 | 00641nam a2200217 a 4500 | ||
|---|---|---|---|
| 005 | 20260221063947.0 | ||
| 008 | 031030s1986 es r 000 0 spa d | ||
| 020 | _a8476000952 | ||
| 035 | _aUPN01000130508 | ||
| 049 | _aCG | ||
| 050 | 4 |
_aLB475 L6 _bL6.6 |
|
| 100 | 1 |
_aLocke, John, _d1632-1704 _929023 |
|
| 245 | 1 | 0 |
_aPensamiento sobre la educación / _cJohn Locke. |
| 260 |
_aMadrid : _bAkal, _c1986. |
||
| 300 | _a381 p. | ||
| 440 | 0 |
_aAkal bolsillo ; _v150 |
|
| 590 | _a(También localizas un ejemplar en el "Area de Reserva") | ||
| 590 | _aBibliografía Básica (BGTQ) | ||
| 650 | 4 |
_aEducación _xFilosofía _94994 |
|
| 905 | _aLibro | ||
| 999 |
_c102665 _d102665 |
||